Kết quả vòng đàm phán Uruguay về hệ thống thương mại đa biên

Sách bao gồm toàn văn các thỏa thuận đã được sau khi kết thúc vòng đàm phán Uraguay vào tháng 12 năm 1993; đồng thời bao gồm các quyết định có liên quan được ra cùng thời kỳ tại Hội nghị Bộ trường Marrakesh tháng 4 năm 1994....

全面介紹

Đã lưu trong:
書目詳細資料
格式: 圖書
語言:Undetermined
出版: Hà Nội Thống Kê 2000
主題:
標簽: 添加標簽
沒有標簽, 成為第一個標記此記錄!
Thư viện lưu trữ: Trung tâm Học liệu Trường Đại học Cần Thơ
LEADER 00983nam a2200181Ia 4500
001 CTU_39625
008 210402s9999 xx 000 0 und d
020 |c 71000 
082 |a 382.9 
082 |b K258 
245 0 |a Kết quả vòng đàm phán Uruguay về hệ thống thương mại đa biên 
260 |a Hà Nội 
260 |b Thống Kê 
260 |c 2000 
520 |a Sách bao gồm toàn văn các thỏa thuận đã được sau khi kết thúc vòng đàm phán Uraguay vào tháng 12 năm 1993; đồng thời bao gồm các quyết định có liên quan được ra cùng thời kỳ tại Hội nghị Bộ trường Marrakesh tháng 4 năm 1994. 
650 |a Commercial treaties,International economic relations,International trade,Thương mại quốc tế,Quan hệ kinh tế quốc tế 
904 |i Minh, 001127 
980 |a Trung tâm Học liệu Trường Đại học Cần Thơ